How Many African countries Can You Name In Under Fifteen Minutes? Shorter Version! - Statistics

General Stats
  • This quiz has been taken 764 times
  • The average score is 33 of 54
Answers on the Map
Answers color-coded by a green-red scale on the quiz's map according to % correct below.
 
Answer Stats
First Two Letters Answer % Correct
Eg Egypt
91%
Ni Niger
91%
So South Africa
88%
Ni Nigeria
87%
Al Algeria
85%
Ma Madagascar
84%
Su Sudan
84%
Ch Chad
80%
Mo Morocco
80%
Gh Ghana
78%
Ke Kenya
78%
Li Libya
77%
So Somalia
77%
Et Ethiopia
76%
So South Sudan
74%
Zi Zimbabwe
74%
Ma Mali
73%
Tu Tunisia
70%
Za Zambia
70%
An Angola
68%
Se Senegal
68%
Ug Uganda
68%
Ta Tanzania
67%
Mo Mozambique
66%
Na Namibia
65%
To Togo
65%
Rw Rwanda
64%
gu Guinea
63%
Bo Botswana
62%
Er Eritrea
61%
Be Benin
59%
Ca Cameroon
59%
Li Liberia
59%
Le Lesotho
57%
Ce Central African Republic
55%
Dj Djibouti
53%
Ma Malawi
53%
ma Mauritania
53%
Ga Gabon
52%
Si Sierra Leone
51%
Bu Burkina Faso
48%
Bu Burundi
48%
Eq Equatorial Guinea
45%
Se Seychelles
45%
Ca Cape Verde
44%
Gu Guinea-Bissau
44%
Ma Mauritius
43%
Sw Swaziland
43%
Co Comoros
40%
De Democratic Republic Of The Congo
40%
Re Republic Of The Congo
32%
Co Cote d'Ivoire
28%
Sa Sao Tome and Principe
28%
Th The Gambia
26%
No matching quizzes found
Score Distribution
Percent of People with Each Score
Percentile by Number Answered
Your Score History
You have not taken this quiz